Las 50 últimas palabras en la RAE (Diccionario de la lengua española) - Estadísticas

Estadísticas generales
  • Esta prueba ha sido intentada 19 veces
  • La puntuación promedio es 13 de 50
Estadísticas de respuestas
Palabra % Correcto
Zorra
72%
Zoo
67%
Zorro
67%
Zumo
67%
Zoológico
61%
Zueco
56%
Zurra
50%
Zopenco
44%
Zumba
44%
Zurrar
44%
Zódiac
39%
Zona
39%
Zoología
39%
Zozobra
39%
Zulo
39%
Zurdo
39%
Zodiaco
33%
Zumbar
33%
Zumbido
33%
Zoco
28%
Zoólogo
28%
Zozobrar
28%
Zulú
28%
Zurcir
28%
Zombi
22%
Zonal
22%
Zoom
22%
Zodiacal
17%
Zoquete
17%
Zote
17%
Zumbador
17%
Zurda
17%
Zurrón
17%
Zurriagazo
11%
Zutano
11%
Zooplancton
6%
Zurcido
6%
Zurdazo
6%
Zocato
0%
Zoncera
0%
Zonzo
0%
Zootecnia
0%
Zorcico
0%
Zortzico
0%
Zorzal
0%
Zotal
0%
Zumbarse
0%
Zurear
0%
Zurrapa
0%
Zurriago
0%
No se encontraron pruebas coincidentes
Distribución de puntuación
Porcentaje de gente con cada puntuación
Porcentaje por número respondido
Historial de tus puntuaciones
No has intentado esta prueba.